Normal view
MARC view
- Thibodeaux, Louis J.
Entry Personal Name
001 - CONTROL NUMBER
- control field: 6571
003 - CONTROL NUMBER IDENTIFIER
- control field: NUST
005 - DATE AND TIME OF LATEST TRANSACTION
- control field: 20171120122915.0
008 - FIXED-LENGTH DATA ELEMENTS
- fixed length control field: 171120|| aca||aabn | a|a d
040 ## - CATALOGING SOURCE
- Original cataloging agency: NUST
- Transcribing agency: NUST
100 ## - HEADING--PERSONAL NAME
- Personal name: Thibodeaux, Louis J.
- Title of a work: Chemodynamics.
670 ## - SOURCE DATA FOUND
- Source citation: Work cat.: (NUST)0: Thibodeaux, Louis J. 6570, Environmental chemodynamics :, c1996.
